Spoločenská zodpovednosť v produktovej politike bakalárska práca

Guardado en:
Detalles Bibliográficos
Autor principal: Zimová, Romana
Autor Corporativo: Obchodná fakulta EU. Katedra tovaroznalectva a kvality tovaru
Otros Autores: Košútová, Tatiana, 1962-
Formato: Libro
Lenguaje:eslovaco
Publicado: Bratislava 2011
Etiquetas: Agregar Etiqueta
Sin Etiquetas, Sea el primero en etiquetar este registro!

MARC

LEADER 00000nam a2200000 4500
001 0151945
005 20240320072152.6
041 0 |a slo 
044 |a SK 
245 1 0 |a Spoločenská zodpovednosť v produktovej politike  |b bakalárska práca  |c Romana Zimová ; školiteľ: Tatiana Košútová 
264 1 |a Bratislava  |c 2011 
300 |a 49 s. 
100 1 |a Zimová, Romana 
700 1 |a Košútová, Tatiana, 1962- 
710 2 |a Obchodná fakulta EU. Katedra tovaroznalectva a kvality tovaru